| 000 | 00601nam a2200157 i 4500 | ||
|---|---|---|---|
| 001 | 183564 | ||
| 003 | ES-MaACL | ||
| 005 | 20230906221924.0 | ||
| 008 | 140722s1837 fr |||| | fre d | ||
| 100 | 1 |
_aAmador, Risueño d'. _9155041 |
|
| 245 | 1 | 0 |
_aMémoire sur le calcul des probabilités appliqué à la médecine, lu à l'Académie royale de médecine, dans sa séance du 25 avril 1837 / _cpar Risueño d'Amador,. |
| 260 |
_aParis : _bJ.-B. Baillière, _c1837. |
||
| 300 |
_a134 p. ; _c22 cm. |
||
| 650 | 4 |
_aEstadística médica. _9155040 |
|
| 852 |
_aES-MaACL _jR-1360(5) _z.- Donat. Mateo Seoane |
||
| 999 |
_c183564 _d183564 |
||